Mossflower Characters Quiz Stats

 Plays Quiz not verified by Sporcle

Score 0/35 Timer 06:00
0 Plays Today
Description Character % Correct
(4) Warrior mouse from the northMartin the Warrior
93.2%
(5) MousethiefGonff
89.2%
(17) Salamandastron badger, father of (8)Boar the Fighter
86.5%
(2) Queen of Mossflower, main antagonistTsarmina
85.1%
(8) Badger in MossflowerBella of Brockhall
81.1%
(6) Journeying moleDinny
79.7%
(10) Otter leaderSkipper
79.7%
(16) Grandfather of (6)Old Dinny
79.7%
(7) Shrew leaderLog-a-Log Big Club
78.4%
(18) Otter master of disguise, brother of (10)Mask
78.4%
(9) Squirrel queenLady Amber
77%
(3) Brother of (2), spends much time in prisonGingivere
73%
(15) Mole leaderForemole
68.9%
(13) Baby hedgehog warriorsFerdy and Coggs
66.2%
(20) Pine marten, captain under (2)Ashleg
64.9%
(11) Mother hedgehogGoody Stickle
63.5%
(12) Father hedgehogBen Stickle
63.5%
(1) Original king of MossflowerVerdauga Greeneyes
62.2%
Description Character % Correct
(32) Abbess from LoamhedgeAbbess Germaine
62.2%
(19) Fox healerFortunata
60.8%
(33) Member of Loamhedge, girlfriend of (5)Columbine
60.8%
(14) Other baby hedgehogsSpike and Posy
59.5%
(23) Fox mercenaryBane
59.5%
(28) Blind, mad water ratGloomer
55.4%
(21) Captain of the GuardCludd
52.7%
(30) Mouse named for his weaponTimballisto
50%
(34) Robin spy for the woodlandersChibb
50%
(22) Weasel who becomes Captain of the GuardBrogg
43.2%
(27) Eagle outside KotirArgulor
43.2%
(24) Head of the party who follows (4), (5), and (6)Scratch
41.9%
(29) Pike owned by the ottersStormfin
41.9%
(25) Weasel in (24)'s partyBlacktooth
40.5%
(35) Mole friend of (11) and (12)Urthclaw
39.2%
(31) Toad leaderMarshgreen
35.1%
(26) Stoat in (24)'s partySplitnose
29.7%

You're not logged in!

Compare scores with friends on all Sporcle quizzes.
OR
Log In

Show Comments

Extras

Top Quizzes Today


Score Distribution

Your Account Isn't Verified!

In order to create a playlist on Sporcle, you need to verify the email address you used during registration. Go to your Sporcle Settings to finish the process.

Report this User

Report this user for behavior that violates our Community Guidelines.

Details: